000
00364nam a2200133Ia 4500
008
151001s9999||||xx |||||||||||||| ||und||
100
_a
Aparna Namabiar
245
_a
Watting for grandma & the best gift of all
250
_a
1
260
_b
DC Books
260
_c
2008
300
_a
0
365
_b
18
999
_c
992975
_d
992972